Vista normal
Vista MARC
Entrada Materia (personas)
Número de registros utilizados en: 1
001 - CONTROL NUMBER
- control field: 188272
003 - CONTROL NUMBER IDENTIFIER
- control field: Co-BoUCM
005 - DATE AND TIME OF LATEST TRANSACTION
- control field: 20260312084329.0
008 - FIXED-LENGTH DATA ELEMENTS
- fixed length control field: 260312|| aca||aabn | a|a d
040 ## - CATALOGING SOURCE
- Original cataloging agency: Co-BoUCM
- Transcribing agency: Co-BoUCM
100 ## - HEADING--PERSONAL NAME
- Personal name: Puentes Leal, Gerardo Andrés
670 ## - SOURCE DATA FOUND
- Source citation: Work cat.: (Co-BoUCM): Asociación Colombiana de Gastroenterología 188246, Manual de lectura crítica, basado en diseños de investigación en Gastroenterología, 2021